| 000 | 00487nam a2200157 a 4500 | ||
|---|---|---|---|
| 001 | 000044025 | ||
| 005 | 20201002045112.0 | ||
| 008 | 140513s1993 sp 000 0 spa d | ||
| 020 | _a8420696692 | ||
| 040 |
_aDO-SdBNP _bspa _cBNPHU |
||
| 100 | 1 |
_aMaría, Julían _972003 |
|
| 245 | 1 | 3 |
_aLa estructura social / _cJulían Marías. |
| 260 |
_aMadrid : _bAlianza Editorial, _c1993. |
||
| 300 |
_a423 p. ; _c21 cm. |
||
| 504 | _aIncluye referencias bibliográficas y notas al pie de las páginas | ||
| 999 |
_c43514 _d43514 |
||